| 000 | 00398 a2200145 4500 | ||
|---|---|---|---|
| 005 | 20250403094926.0 | ||
| 020 | _a0 85505 019 5 | ||
| 082 | _a519 TAY | ||
| 100 | _aTAYLOR,P. | ||
| 245 | _aStatistics for Business: A Course Unit Approach. | ||
| 260 |
_aHayburn, _bPolytech publishers Ltd, _c1977. |
||
| 300 |
_a547p.: Ill.; figures, tables. _bIndex _c20cm |
||
| 700 | _aDUNNING, D. | ||
| 942 |
_2ddc _cBKS |
||
| 999 |
_c1059 _d1059 |
||